[Event "Xtracon Skakligaen"]
[Site "Denmark"]
[Date "2017.01.07"]
[Round "4.4"]
[White "Jaksland, Tim"]
[Black "Christensen, Tobias Bent"]
[Result "0-1"]
[WhiteElo "2230"]
[BlackElo "2343"]
[PlyCount "94"]
[EventDate "2016.10.29"]
[EventType "team-tourn"]
[EventRounds "9"]
[EventCountry "DEN"]
[WhiteTeam "Hillerod 1"]
[BlackTeam "Aarhus/Skolerne 1"]
[WhiteTeamCountry "DEN"]
[BlackTeamCountry "DEN"]

1. Nf3 d5 2. c4 dxc4 3. e3 Be6 4. Ng5 Bd5 5. e4 e6 6. exd5 Qxg5 7. dxe6 Qe5+ 8.
Qe2 Nc6 9. exf7+ Kxf7 10. Qxe5 Nxe5 11. d4 cxd3 12. f4 Ng4 13. Bxd3 Re8+ 14.
Be2 Bc5 15. Nc3 N8f6 16. h3 Nf2 17. Rf1 N6e4 18. Nxe4 Rxe4 19. Rxf2 Rhe8 20.
Kf1 Bxf2 21. Bf3 Bg3 22. Bxe4 Rxe4 23. Bd2 Bxf4 24. Bxf4 Rxf4+ 25. Ke2 Rb4 26.
b3 a5 27. Rf1+ Ke6 28. Kd3 Rb5 29. Rf2 Rd5+ 30. Kc3 h5 31. Re2+ Re5 32. Rf2 g6
33. Kd4 b5 34. Rc2 Rd5+ 35. Ke4 c5 36. Kf4 g5+ 37. Kf3 Re5 38. Rc1 Kd5 39. Rd1+
Kc6 40. Rc1 a4 41. Rc2 Kb6 42. h4 axb3 43. axb3 gxh4 44. Kf4 Rd5 45. Ke4 Rd4+
46. Ke3 Rg4 47. Rb2 Ka5 0-1

[Event "Xtracon Skakligaen"]
[Site "Denmark"]
[Date "2017.01.07"]
[Round "4.5"]
[White "Ochsner, Thomas"]
[Black "Ostergaard, Jens"]
[Result "1/2-1/2"]
[WhiteElo "2309"]
[BlackElo "2239"]
[PlyCount "83"]
[EventDate "2016.10.29"]
[EventType "team-tourn"]
[EventRounds "9"]
[EventCountry "DEN"]
[WhiteTeam "Aarhus/Skolerne 1"]
[BlackTeam "Hillerod 1"]
[WhiteTeamCountry "DEN"]
[BlackTeamCountry "DEN"]

1. e4 d5 2. exd5 Qxd5 3. Nc3 Qd6 4. d4 Nf6 5. Bc4 c6 6. Nge2 g6 7. Bf4 Qd8 8.
Qd2 Nbd7 9. O-O-O Nb6 10. Bb3 Nbd5 11. Bh6 Be6 12. Bxf8 Rxf8 13. Nf4 Nxf4 14.
Qxf4 Bxb3 15. axb3 Qd6 16. Qxd6 exd6 17. Rd3 d5 18. Rf3 Nh5 19. b4 Ng7 20. b5
Ne6 21. bxc6 bxc6 22. Ne2 Ng5 23. Ra3 Kd7 24. f3 Rfe8 25. Kd2 Re7 26. Rha1 Kd6
27. Ra6 Ne6 28. R1a5 Rb7 29. Ra2 Nc7 30. R6a4 Nb5 31. c4 dxc4 32. Rxc4 Re8 33.
Ra6 Rb6 34. Ra5 Nc7 35. Rc2 Reb8 36. Nc3 f5 37. Rxa7 Rxb2 38. Na4 Rxc2+ 39.
Kxc2 Rb4 40. Nc5 Rxd4 41. Rxc7 Kxc5 42. Rxh7 1/2-1/2

[Event "Xtracon Skakligaen"]
[Site "Denmark"]
[Date "2017.01.07"]
[Round "4.6"]
[White "Pedersen, Jan Nordenbaek"]
[Black "Rendboe, John Filip"]
[Result "1/2-1/2"]
[WhiteElo "2170"]
[BlackElo "2160"]
[PlyCount "73"]
[EventDate "2016.10.29"]
[EventType "team-tourn"]
[EventRounds "9"]
[EventCountry "DEN"]
[WhiteTeam "Hillerod 1"]
[BlackTeam "Aarhus/Skolerne 1"]
[WhiteTeamCountry "DEN"]
[BlackTeamCountry "DEN"]

1. d4 d5 2. Nf3 Nf6 3. c4 e6 4. Nc3 Be7 5. Bf4 O-O 6. e3 b6 7. cxd5 exd5 8. Bd3
c5 9. Ne5 Bb7 10. O-O Nc6 11. Qf3 cxd4 12. Nxc6 Bxc6 13. exd4 Qd7 14. Be5 Qg4
15. Rac1 Qxf3 16. gxf3 Nd7 17. Ne2 Nxe5 18. dxe5 Ba4 19. Nc3 Bc6 20. Ne2 Ba4
21. Ba6 Rad8 22. Rc7 Rd7 23. Rfc1 Bc5 24. Rxd7 Bxd7 25. a3 Rd8 26. b4 Bf8 27.
Rc7 g5 28. Rxa7 Bg7 29. f4 gxf4 30. Nxf4 Bxe5 31. Nxd5 Bh3 32. Ne3 Rd6 33. Bc4
Rg6+ 34. Kh1 Rf6 35. Kg1 Rg6+ 36. Kh1 Rf6 37. Kg1 1/2-1/2

[Event "Xtracon Skakligaen"]
[Site "Denmark"]
[Date "2017.01.07"]
[Round "4.7"]
[White "Tettinek, Michael"]
[Black "Pedersen, Martin Rosenkilde"]
[Result "0-1"]
[WhiteElo "2024"]
[BlackElo "2121"]
[PlyCount "66"]
[EventDate "2016.10.29"]
[EventType "team-tourn"]
[EventRounds "9"]
[EventCountry "DEN"]
[WhiteTeam "Aarhus/Skolerne 1"]
[BlackTeam "Hillerod 1"]
[WhiteTeamCountry "DEN"]
[BlackTeamCountry "DEN"]

1. d4 Nf6 2. Nf3 c5 3. c3 g6 4. Bf4 b6 5. Nbd2 Bg7 6. h3 O-O 7. e3 d5 8. Ne5
Bb7 9. Be2 Nc6 10. Ndf3 Nd7 11. Nxd7 Qxd7 12. O-O c4 13. Re1 b5 14. Bf1 Rfe8
15. e4 dxe4 16. Rxe4 Qf5 17. Qb1 Nd8 18. Nd2 Bxe4 19. Qxe4 Qxe4 20. Nxe4 f5 21.
Nc5 e5 22. dxe5 Bxe5 23. Be3 Ne6 24. g3 Nxc5 25. Bxc5 a6 26. f4 Rac8 27. Bf2
Bd6 28. Kg2 Bc5 29. a4 Bxf2 30. Kxf2 Rcd8 31. axb5 Rd2+ 32. Kf3 axb5 33. Ra6
Re1 0-1

[Event "Xtracon Skakligaen"]
[Site "Denmark"]
[Date "2017.01.07"]
[Round "4.8"]
[White "Andersen, Ib Hother"]
[Black "Petersen, Jan Han"]
[Result "1-0"]
[WhiteElo "2152"]
[BlackElo "1933"]
[PlyCount "67"]
[EventDate "2016.10.29"]
[EventType "team-tourn"]
[EventRounds "9"]
[EventCountry "DEN"]
[WhiteTeam "Hillerod 1"]
[BlackTeam "Aarhus/Skolerne 1"]
[WhiteTeamCountry "DEN"]
[BlackTeamCountry "DEN"]

1. e4 c5 2. Nf3 d6 3. d4 cxd4 4. Nxd4 Nf6 5. Nc3 a6 6. Be3 e5 7. Nf3 Be7 8. Bc4
O-O 9. O-O Nc6 10. h3 Bd7 11. a3 Qc8 12. Bg5 b5 13. Ba2 Bxh3 14. gxh3 Qxh3 15.
Nh2 Kh8 16. Qf3 Qd7 17. Ne2 Nxe4 18. Bxe7 Nxe7 19. Qxe4 f5 20. Qd3 e4 21. Qe3
Rf6 22. Nf4 Raf8 23. Rad1 Rh6 24. Rd2 Rff6 25. f3 Nc6 26. Rg2 Ne5 27. fxe4 Rh4
28. Nd5 Rfh6 29. Rxf5 g6 30. Rf8+ Kg7 31. Rg8+ Kxg8 32. Nf6+ Kg7 33. Nxd7 Rxh2
34. Nxe5 1-0

[Event "Xtracon Skakligaen"]
[Site "Denmark"]
[Date "2017.01.07"]
[Round "4.1"]
[White "Rasmussen, Allan Stig"]
[Black "Jorgensen, Brian"]
[Result "0-1"]
[WhiteElo "2513"]
[BlackElo "2274"]
[PlyCount "46"]
[EventDate "2016.10.29"]
[EventType "team-tourn"]
[EventRounds "9"]
[EventCountry "DEN"]
[WhiteTeam "Jetsmark 1"]
[BlackTeam "K41 1"]
[WhiteTeamCountry "DEN"]
[BlackTeamCountry "DEN"]

1. Nf3 Nf6 2. c4 e6 3. d4 d5 4. Nc3 Be7 5. g4 c5 6. dxc5 Bxc5 7. cxd5 exd5 8.
g5 Ng4 9. e3 Nc6 10. Bb5 O-O 11. Bxc6 bxc6 12. h3 f5 13. Qc2 Nxf2 14. Kxf2 f4
15. Nd1 Qe7 16. Qc3 Bf5 17. Ke2 Rae8 18. Rg1 Kh8 19. Nd4 Be4 20. Nxc6 Qd6 21.
b4 f3+ 22. Ke1 Qh2 23. Rf1 Qe2# 0-1

[Event "Xtracon Skakligaen"]
[Site "Denmark"]
[Date "2017.01.07"]
[Round "4.2"]
[White "Andreasen, Henrik"]
[Black "Thybo, Jesper Sondergaard"]
[Result "0-1"]
[WhiteElo "2215"]
[BlackElo "2358"]
[PlyCount "72"]
[EventDate "2016.10.29"]
[EventType "team-tourn"]
[EventRounds "9"]
[EventCountry "DEN"]
[WhiteTeam "K41 1"]
[BlackTeam "Jetsmark 1"]
[WhiteTeamCountry "DEN"]
[BlackTeamCountry "DEN"]

1. d4 Nf6 2. c4 e6 3. Nc3 c5 4. d5 exd5 5. cxd5 d6 6. Nf3 g6 7. Bf4 Bg7 8. e3
O-O 9. Be2 Nh5 10. Bg5 f6 11. Bh4 g5 12. Nd2 gxh4 13. Bxh5 f5 14. f4 Nd7 15.
Qc2 Nf6 16. Bf3 Qe8 17. Kf2 b5 18. a4 b4 19. Nb5 Qe7 20. Nc4 Ne8 21. Bh5 Nf6
22. Bf3 Rd8 23. Ncxd6 Rxd6 24. Qxc5 Rd7 25. Qc4 Ne4+ 26. Ke2 Bb7 27. d6+ Qf7
28. Qxb4 a5 29. Qa3 Qc4+ 30. Ke1 Qc2 31. Qa2+ Kh8 32. b3 Qd3 33. Qe2 Qxe2+ 34.
Kxe2 Bxa1 35. Rxa1 Nxd6 36. Bxb7 Nxb7 0-1

[Event "Xtracon Skakligaen"]
[Site "Denmark"]
[Date "2017.01.07"]
[Round "4.3"]
[White "Wiwe, Andreas"]
[Black "Schmidt, Kristen"]
[Result "1/2-1/2"]
[WhiteElo "2288"]
[BlackElo "2215"]
[PlyCount "111"]
[EventDate "2016.10.29"]
[EventType "team-tourn"]
[EventRounds "9"]
[EventCountry "DEN"]
[WhiteTeam "Jetsmark 1"]
[BlackTeam "K41 1"]
[WhiteTeamCountry "DEN"]
[BlackTeamCountry "DEN"]

1. e4 c5 2. Nf3 Nc6 3. d4 cxd4 4. Nxd4 g6 5. c4 Bg7 6. Nc2 Nf6 7. Nc3 O-O 8.
Be2 d6 9. O-O Be6 10. Bd2 Nd7 11. f4 Nc5 12. Kh1 Bxc3 13. Bxc3 Nxe4 14. Be1 Rc8
15. Bd3 Nc5 16. Ne3 Qb6 17. Bc3 Ne4 18. Bxe4 Qxe3 19. Bd3 Qc5 20. f5 Bxf5 21.
Bxf5 gxf5 22. Qh5 f6 23. b3 Ne5 24. Qxf5 Rce8 25. Rae1 Qc8 26. Qe4 Qc6 27. Qh4
Rf7 28. Re2 Rg7 29. Be1 b5 30. cxb5 Qxb5 31. Qe4 Rc8 32. Bg3 d5 33. Qf5 Rd8 34.
Qe6+ Kh8 35. Ree1 Ng6 36. Rd1 Qd7 37. Qa6 Rf7 38. Rf3 Kg7 39. Rfd3 e6 40. Qa5
Rc8 41. R3d2 Rc6 42. Qa3 Qd8 43. Qa4 Qc8 44. b4 Rc1 45. Qb3 Rxd1+ 46. Rxd1 Rd7
47. h4 Ne7 48. Bf4 e5 49. Qg3+ Kh8 50. Bxe5 fxe5 51. Qxe5+ Kg8 52. Qe6+ Kh8 53.
Qf6+ Kg8 54. Qe6+ Kh8 55. Qf6+ Kg8 56. Qe6+ 1/2-1/2

[Event "Xtracon Skakligaen"]
[Site "Denmark"]
[Date "2017.01.07"]
[Round "4.4"]
[White "Larsen, Peter"]
[Black "Thogersen, Rasmus"]
[Result "1-0"]
[WhiteElo "2251"]
[BlackElo "2122"]
[PlyCount "97"]
[EventDate "2016.10.29"]
[EventType "team-tourn"]
[EventRounds "9"]
[EventCountry "DEN"]
[WhiteTeam "K41 1"]
[BlackTeam "Jetsmark 1"]
[WhiteTeamCountry "DEN"]
[BlackTeamCountry "DEN"]

1. e4 c5 2. Nc3 a6 3. g3 b5 4. a4 b4 5. Nd5 e6 6. Ne3 Bb7 7. Bg2 Nf6 8. d3 Be7
9. f4 d5 10. e5 Nfd7 11. c4 bxc3 12. bxc3 Nc6 13. Nf3 O-O 14. d4 cxd4 15. cxd4
Bb4+ 16. Bd2 Qa5 17. Rb1 Bxd2+ 18. Qxd2 Rab8 19. f5 Ba8 20. Qxa5 Rxb1+ 21. Ke2
Rb2+ 22. Qd2 Rxd2+ 23. Kxd2 Rb8 24. fxe6 fxe6 25. Bh3 Nf8 26. Ra1 Na5 27. Ra2
Bc6 28. Bf1 Rb6 29. Nd1 h6 30. Rb2 Nb3+ 31. Ke1 Rb4 32. Bxa6 Nxd4 33. Rxb4 Nc2+
34. Kd2 Nxb4 35. Bb5 Bb7 36. Kc3 Nc6 37. Bxc6 Bxc6 38. Kb4 Kf7 39. Nd4 Ba8 40.
Kc5 Nd7+ 41. Kd6 Nb6 42. Nb2 Nc4+ 43. Nxc4 dxc4 44. Nb5 Bd5 45. a5 Kg6 46. a6
Kf5 47. a7 Ba8 48. g4+ Kxg4 49. Kxe6 1-0

[Event "Xtracon Skakligaen"]
[Site "Denmark"]
[Date "2017.01.07"]
[Round "4.5"]
[White "Wilbrandt, Simon Pil"]
[Black "Clausen, Steen"]
[Result "0-1"]
[WhiteElo "2171"]
[BlackElo "2188"]
[PlyCount "152"]
[EventDate "2016.10.29"]
[EventType "team-tourn"]
[EventRounds "9"]
[EventCountry "DEN"]
[WhiteTeam "Jetsmark 1"]
[BlackTeam "K41 1"]
[WhiteTeamCountry "DEN"]
[BlackTeamCountry "DEN"]

1. d4 d5 2. c4 e6 3. Nc3 Nf6 4. cxd5 exd5 5. Bg5 Be7 6. Qc2 O-O 7. e3 c6 8. Bd3
Nbd7 9. Nf3 Re8 10. O-O h6 11. Bh4 Ne4 12. Bxe4 Bxh4 13. Bh7+ Kh8 14. Bd3 Bf6
15. b4 Nf8 16. b5 Bd7 17. Rab1 Ne6 18. Rfc1 Ng5 19. Nd2 Qe7 20. a4 Rac8 21. a5
Qd6 22. a6 b6 23. bxc6 Rxc6 24. Qb2 Rec8 25. Nb5 Rxc1+ 26. Rxc1 Rxc1+ 27. Qxc1
Bxb5 28. Bxb5 Qb4 29. Bd3 g6 30. h3 Ne6 31. Nb1 Kg7 32. Bf1 Bd8 33. Nd2 b5 34.
Nf3 Qa5 35. Qc6 b4 36. Ne5 Bc7 37. Qb7 Bxe5 38. dxe5 Qc5 39. Bb5 Kf8 40. Bd7
Nd8 41. Qb8 Ke7 42. Ba4 d4 43. exd4 Qxd4 44. Qb5 Kf8 45. g3 Kg7 46. Bb3 Qe4 47.
Bc4 Nc6 48. e6 fxe6 49. Bd3 Qd5 50. Qb7+ Kf6 51. Bc2 Qc5 52. Ba4 Nd4 53. Qb8
Nf3+ 54. Kg2 Ne5 55. Qh8+ Ke7 56. Qg7+ Kd6 57. Qxh6 Qd4 58. Kf1 Qd3+ 59. Kg2
Qe4+ 60. Kf1 Qh1+ 61. Ke2 Qf3+ 62. Kf1 Nd3 63. Qe3 Qxe3 64. fxe3 Ke5 65. Bc2
Nc5 66. Bxg6 Nxa6 67. h4 Nc5 68. Bb1 b3 69. Ke1 a5 70. Kd2 a4 71. Kc3 a3 72.
Bg6 Kf6 73. Be8 b2 74. Kc2 Nb3 75. g4 Nd2 76. g5+ Ke7 0-1

[Event "Xtracon Skakligaen"]
[Site "Denmark"]
[Date "2017.01.07"]
[Round "4.6"]
[White "Christensen, Bo Garner"]
[Black "Christensen, Stefan"]
[Result "0-1"]
[WhiteElo "2137"]
[BlackElo "2269"]
[PlyCount "90"]
[EventDate "2016.10.29"]
[EventType "team-tourn"]
[EventRounds "9"]
[EventCountry "DEN"]
[WhiteTeam "K41 1"]
[BlackTeam "Jetsmark 1"]
[WhiteTeamCountry "DEN"]
[BlackTeamCountry "DEN"]

1. e4 c6 2. c4 d5 3. exd5 cxd5 4. cxd5 Nf6 5. Qa4+ Nbd7 6. Nc3 g6 7. Bc4 Bg7 8.
d3 a6 9. Nf3 O-O 10. Be3 Rb8 11. Bb3 b5 12. Qh4 Nb6 13. Ng5 h6 14. Nge4 Nbxd5
15. Nxd5 Nxd5 16. Bxh6 e6 17. Bg5 Qa5+ 18. Ke2 Re8 19. Rhe1 Bb7 20. Kf1 b4 21.
Rac1 Rec8 22. Rxc8+ Rxc8 23. Nd6 Rb8 24. Rc1 Ba8 25. Qg3 Rf8 26. Ne4 Bxb2 27.
Rc5 Qb6 28. Qh4 f5 29. Rc2 fxe4 30. Rxb2 exd3 31. Rd2 Ne3+ 32. Kg1 Nf5 33. Qg4
Bd5 34. Be3 Nxe3 35. Qxg6+ Kh8 36. Rxd3 Rxf2 37. Qh6+ Kg8 38. Rxe3 Rxg2+ 39.
Kf1 Qb5+ 40. Ke1 Rg1+ 41. Kd2 Rg2+ 42. Ke1 Bxb3 43. axb3 Rg1+ 44. Kd2 Qd5+ 45.
Rd3 Qg2+ 0-1

[Event "Xtracon Skakligaen"]
[Site "Denmark"]
[Date "2017.01.07"]
[Round "4.7"]
[White "Rosenkilde, Alexander"]
[Black "Kragh, Niels Kristian"]
[Result "1-0"]
[WhiteElo "2240"]
[BlackElo "2134"]
[PlyCount "59"]
[EventDate "2016.10.29"]
[EventType "team-tourn"]
[EventRounds "9"]
[EventCountry "DEN"]
[WhiteTeam "Jetsmark 1"]
[BlackTeam "K41 1"]
[WhiteTeamCountry "DEN"]
[BlackTeamCountry "DEN"]

1. d4 e6 2. c4 f5 3. g3 Nf6 4. Bg2 Be7 5. Nf3 O-O 6. O-O d6 7. b3 Ne4 8. Nfd2
Nxd2 9. Qxd2 Bf6 10. Nc3 Nc6 11. d5 exd5 12. cxd5 Ne5 13. Bb2 a6 14. e3 Qe8 15.
Ne2 Qh5 16. Nd4 Re8 17. Rac1 Re7 18. Rc2 Rb8 19. Rfc1 f4 20. exf4 Ng4 21. h3
Nh6 22. g4 Bxg4 23. hxg4 Nxg4 24. Rxc7 Rbe8 25. Rxe7 Rxe7 26. Rc8+ Kf7 27. Ne6
Qh2+ 28. Kf1 Bh4 29. Qc2 g6 30. Rf8# 1-0

[Event "Xtracon Skakligaen"]
[Site "Denmark"]
[Date "2017.01.07"]
[Round "4.8"]
[White "Petersen, Flemming Petri"]
[Black "Rathlev, Jakob"]
[Result "0-1"]
[WhiteElo "2083"]
[BlackElo "2231"]
[PlyCount "86"]
[EventDate "2016.10.29"]
[EventType "team-tourn"]
[EventRounds "9"]
[EventCountry "DEN"]
[WhiteTeam "K41 1"]
[BlackTeam "Jetsmark 1"]
[WhiteTeamCountry "DEN"]
[BlackTeamCountry "DEN"]

1. e4 c5 2. Nf3 e6 3. d4 cxd4 4. Nxd4 a6 5. g3 Nf6 6. Bg2 Qc7 7. O-O Nc6 8. Be3
d6 9. Nc3 Bd7 10. f4 Be7 11. Qe2 Rc8 12. Rad1 b5 13. a3 Na5 14. g4 Nc4 15. Bc1
h6 16. Rd3 Qb6 17. Kh1 g5 18. b3 Nxa3 19. fxg5 hxg5 20. Bxa3 b4 21. Bb2 bxc3
22. Bxc3 Rxc3 23. Rxc3 Qxd4 24. Rd3 Qe5 25. Bf3 Bc6 26. Re3 Bd8 27. Qg2 Bb6 28.
Re2 Ke7 29. Rfe1 Qc3 30. Rd1 Nd7 31. Red2 Ne5 32. Be2 Qe3 33. Bd3 Rh4 34. Re2
Rxg4 35. Rxe3 Rxg2 36. Rh3 Nxd3 37. Kxg2 Nf4+ 38. Kg3 Nxh3 39. e5 Nf2 40. exd6+
Kd7 41. Rf1 f5 42. h4 f4+ 43. Kh2 g4 0-1

[Event "Xtracon Skakligaen"]
[Site "Denmark"]
[Date "2017.01.08"]
[Round "5.1"]
[White "Teplyi, Igor"]
[Black "Andersen, Mads"]
[Result "1/2-1/2"]
[WhiteElo "2431"]
[BlackElo "2542"]
[PlyCount "43"]
[EventDate "2016.10.29"]
[EventType "team-tourn"]
[EventRounds "9"]
[EventCountry "DEN"]
[WhiteTeam "Nordre 1"]
[BlackTeam "Team Nordea Skanderborg 1"]
[WhiteTeamCountry "DEN"]
[BlackTeamCountry "DEN"]

1. d4 d5 2. c4 e6 3. Nf3 Nf6 4. g3 Be7 5. Bg2 O-O 6. O-O c6 7. b3 b6 8. Bb2 Bb7
9. Qc2 Nbd7 10. Nc3 Rc8 11. e4 Nxe4 12. Nxe4 dxe4 13. Qxe4 Nf6 14. Qe2 c5 15.
Rad1 cxd4 16. Nxd4 Bxg2 17. Kxg2 Qc7 18. Nb5 Qb7+ 19. Qf3 Qxf3+ 20. Kxf3 a6 21.
Nd6 Rc6 22. Ne4 1/2-1/2

[Event "Xtracon Skakligaen"]
[Site "Denmark"]
[Date "2017.01.08"]
[Round "5.2"]
[White "Semcesen, Daniel"]
[Black "Petersen, Tom Petri"]
[Result "1/2-1/2"]
[WhiteElo "2469"]
[BlackElo "2341"]
[PlyCount "43"]
[EventDate "2016.10.29"]
[EventType "team-tourn"]
[EventRounds "9"]
[EventCountry "DEN"]
[WhiteTeam "Team Nordea Skanderborg 1"]
[BlackTeam "Nordre 1"]
[WhiteTeamCountry "DEN"]
[BlackTeamCountry "DEN"]

1. d4 g6 2. c4 Bg7 3. e4 d6 4. Nf3 Bg4 5. Be2 Nc6 6. Be3 e5 7. d5 Bxf3 8. Bxf3
Nd4 9. Bxd4 exd4 10. Nd2 Nf6 11. O-O Nd7 12. g3 O-O 13. Bg2 a5 14. Re1 Re8 15.
Nb3 Qf6 16. Nc1 Ne5 17. Nd3 c5 18. Nxe5 dxe5 19. Qd3 Bh6 20. Re2 Qd6 21. h4 a4
22. Bh3 1/2-1/2

[Event "Xtracon Skakligaen"]
[Site "Denmark"]
[Date "2017.01.08"]
[Round "5.3"]
[White "Baekgaard, Martin"]
[Black "Hansen, Mads"]
[Result "0-1"]
[WhiteElo "2313"]
[BlackElo "2452"]
[PlyCount "125"]
[EventDate "2016.10.29"]
[EventType "team-tourn"]
[EventRounds "9"]
[EventCountry "DEN"]
[WhiteTeam "Nordre 1"]
[BlackTeam "Team Nordea Skanderborg 1"]
[WhiteTeamCountry "DEN"]
[BlackTeamCountry "DEN"]

1. d4 d5 2. c4 e6 3. Nc3 c6 4. e4 dxe4 5. Nxe4 Bb4+ 6. Nc3 c5 7. Nf3 Nf6 8. Be2
Nc6 9. a3 Ba5 10. Be3 Ne4 11. Rc1 Nxc3 12. bxc3 cxd4 13. Nxd4 Nxd4 14. Qxd4
Qxd4 15. Bxd4 O-O 16. Bf3 e5 17. Bc5 Re8 18. Bd5 Be6 19. O-O Bxd5 20. cxd5 Rec8
21. Be7 f6 22. c4 Kf7 23. Bb4 Bxb4 24. axb4 a5 25. bxa5 Rxa5 26. Rfd1 Rac5 27.
Rb1 R8c7 28. d6 Rd7 29. Rb4 g5 30. f3 Ke6 31. g4 h6 32. Rdb1 Rxd6 33. Rxb7 Rxc4
34. R1b6 Rf4 35. Kg2 e4 36. fxe4 Rxg4+ 37. Kf3 Rf4+ 38. Ke3 Rh4 39. Rxd6+ Kxd6
40. Rb6+ Ke5 41. Rb5+ Ke6 42. Rb6+ Kf7 43. Rb2 Kg6 44. Rf2 h5 45. Ra2 Rh3+ 46.
Kd4 Rf3 47. Kd5 h4 48. Re2 h3 49. Ke6 Ra3 50. Rf2 Ra6+ 51. Ke7 g4 52. Rf4 Kg5
53. Rf5+ Kh4 54. Rf2 Ra4 55. Kxf6 Rxe4 56. Kf5 g3 57. hxg3+ Kxg3 58. Ra2 Re3
59. Ra8 h2 60. Rg8+ Kf2 61. Rh8 Kg2 62. Kf4 Rh3 63. Ke5 0-1

[Event "Xtracon Skakligaen"]
[Site "Denmark"]
[Date "2017.01.08"]
[Round "5.4"]
[White "Andersen, Jackie"]
[Black "Sloth, Jorn"]
[Result "0-1"]
[WhiteElo "2382"]
[BlackElo "2300"]
[PlyCount "78"]
[EventDate "2016.10.29"]
[EventType "team-tourn"]
[EventRounds "9"]
[EventCountry "DEN"]
[WhiteTeam "Team Nordea Skanderborg 1"]
[BlackTeam "Nordre 1"]
[WhiteTeamCountry "DEN"]
[BlackTeamCountry "DEN"]

1. d4 e6 2. Nf3 c5 3. e4 cxd4 4. Nxd4 Nc6 5. Nxc6 bxc6 6. Bd3 d5 7. O-O Nf6 8.
Nd2 Be7 9. b3 O-O 10. Bb2 a5 11. c4 Bb7 12. Rc1 g6 13. a3 Nd7 14. Qe2 Re8 15.
Rfd1 Qb6 16. cxd5 cxd5 17. Bb5 Red8 18. a4 Nf6 19. e5 Ne4 20. Nf3 Ba6 21. Nd4
Bxb5 22. Qxb5 Qxb5 23. axb5 Bb4 24. Rc7 Rdb8 25. Rdc1 a4 26. bxa4 Rxa4 27. Rc8+
Rxc8 28. Rxc8+ Kg7 29. b6 Nc5 30. Nb3 Ra2 31. Bd4 Nxb3 32. b7 Nxd4 33. g3 Be1
34. b8=Q Rxf2 35. Rg8+ Kh6 36. Qf8+ Kh5 37. g4+ Kxg4 38. h3+ Kg3 39. Qa3+ Nf3+
0-1

[Event "Xtracon Skakligaen"]
[Site "Denmark"]
[Date "2017.01.08"]
[Round "5.5"]
[White "Olsen, Filip Boe"]
[Black "Pedersen, Nicolai Vesterbaek"]
[Result "1/2-1/2"]
[WhiteElo "2241"]
[BlackElo "2371"]
[PlyCount "88"]
[EventDate "2016.10.29"]
[EventType "team-tourn"]
[EventRounds "9"]
[EventCountry "DEN"]
[WhiteTeam "Nordre 1"]
[BlackTeam "Team Nordea Skanderborg 1"]
[WhiteTeamCountry "DEN"]
[BlackTeamCountry "DEN"]

1. d4 Nf6 2. c4 e6 3. Nc3 Bb4 4. e3 O-O 5. Nge2 Re8 6. a3 Bf8 7. d5 d6 8. Ng3
exd5 9. cxd5 Nbd7 10. Be2 c6 11. O-O cxd5 12. Nxd5 Nxd5 13. Qxd5 Nc5 14. Bd2
Re5 15. Qf3 Na4 16. b3 Nb6 17. Bc3 Rg5 18. Rfd1 Be6 19. b4 Rc8 20. Bd4 Nd5 21.
e4 Bg4 22. Qxg4 Rxg4 23. Bxg4 Nc3 24. Bxc8 Nxd1 25. Bg4 Nxf2 26. Bxf2 Qg5 27.
Bf3 a6 28. Rd1 Qb5 29. Nf5 Qa4 30. Nxd6 Qxa3 31. e5 Qxb4 32. Bd5 Be7 33. Bxf7+
Kf8 34. Be6 Bg5 35. Nf7 Be7 36. Rc1 g5 37. Nxg5 Bxg5 38. Bc5+ Qxc5+ 39. Rxc5
Be3+ 40. Kf1 Bxc5 41. Bc8 Bd4 42. e6 Ke7 43. Bxb7 Kxe6 44. Bxa6 Ke5 1/2-1/2

[Event "Xtracon Skakligaen"]
[Site "Denmark"]
[Date "2017.01.08"]
[Round "5.6"]
[White "Pedersen, Steffen"]
[Black "Andersen, Thomas Klitgaard"]
[Result "1/2-1/2"]
[WhiteElo "2375"]
[BlackElo "2217"]
[PlyCount "62"]
[EventDate "2016.10.29"]
[EventType "team-tourn"]
[EventRounds "9"]
[EventCountry "DEN"]
[WhiteTeam "Team Nordea Skanderborg 1"]
[BlackTeam "Nordre 1"]
[WhiteTeamCountry "DEN"]
[BlackTeamCountry "DEN"]

1. d4 d5 2. Nf3 Nf6 3. c4 c6 4. e3 Bf5 5. Nc3 e6 6. Nh4 Bg4 7. Qb3 Qb6 8. h3
Bh5 9. g4 Bg6 10. Nxg6 hxg6 11. Bg2 Be7 12. Bd2 Na6 13. Qa4 dxc4 14. Qxc4 Nb4
15. Rc1 Qa6 16. Qxa6 Nxa6 17. a3 Nc7 18. e4 a6 19. Be3 Nb5 20. Ne2 Bd8 21. g5
Nd7 22. d5 cxd5 23. exd5 e5 24. O-O Bb6 25. Bxb6 Nxb6 26. Nc3 Nd6 27. Rfe1 f6
28. f4 Nd7 29. Ne4 Ke7 30. gxf6+ gxf6 31. fxe5 fxe5 1/2-1/2

[Event "Xtracon Skakligaen"]
[Site "Denmark"]
[Date "2017.01.08"]
[Round "5.7"]
[White "Hoiberg, Nina"]
[Black "Boe, Mads"]
[Result "1/2-1/2"]
[WhiteElo "2218"]
[BlackElo "2324"]
[PlyCount "79"]
[EventDate "2016.10.29"]
[EventType "team-tourn"]
[EventRounds "9"]
[EventCountry "DEN"]
[WhiteTeam "Nordre 1"]
[BlackTeam "Team Nordea Skanderborg 1"]
[WhiteTeamCountry "DEN"]
[BlackTeamCountry "DEN"]

1. e4 c6 2. d4 d5 3. e5 Bf5 4. c4 e6 5. Nc3 Ne7 6. Nge2 Nd7 7. Nf4 dxc4 8. g4
Bg6 9. Nxg6 hxg6 10. Bxc4 Nb6 11. Be2 Ned5 12. Bd2 Be7 13. Qb3 Qd7 14. Nxd5
Qxd5 15. Qxd5 Nxd5 16. O-O-O O-O-O 17. h3 Bb4 18. Be3 Be7 19. Kb1 Kb8 20. Bc1
Rd7 21. a3 Bd8 22. Rd3 Bb6 23. Rhd1 Rhd8 24. h4 Rh8 25. h5 gxh5 26. gxh5 Ne7
27. Bg4 Nf5 28. Bxf5 exf5 29. Rg1 f6 30. exf6 gxf6 31. h6 Bc7 32. Rg7 Kc8 33.
Rf3 f4 34. Bxf4 Bxf4 35. Rxf4 Rxh6 36. Rg8+ Rd8 37. Rg7 Rd7 38. Rg8+ Rd8 39.
Rg7 Rd7 40. Rg8+ 1/2-1/2

[Event "Xtracon Skakligaen"]
[Site "Denmark"]
[Date "2017.01.08"]
[Round "5.8"]
[White "Grove, Peter"]
[Black "Christensen, Jan Schleicher"]
[Result "1/2-1/2"]
[WhiteElo "2171"]
[BlackElo "2179"]
[PlyCount "52"]
[EventDate "2016.10.29"]
[EventType "team-tourn"]
[EventRounds "9"]
[EventCountry "DEN"]
[WhiteTeam "Team Nordea Skanderborg 1"]
[BlackTeam "Nordre 1"]
[WhiteTeamCountry "DEN"]
[BlackTeamCountry "DEN"]

1. c4 c5 2. Nc3 Nf6 3. g3 e6 4. Bg2 d5 5. Nf3 d4 6. Nb1 Nc6 7. d3 e5 8. O-O Be7
9. e3 O-O 10. exd4 exd4 11. Re1 Bf5 12. Ne5 Nxe5 13. Rxe5 Bg4 14. Qd2 Nd7 15.
Re1 Rb8 16. h3 Bh5 17. f4 Bg6 18. Qe2 Bd6 19. Qf3 h6 20. Nd2 b5 21. cxb5 Rxb5
22. Nc4 Bc7 23. b3 Ba5 24. Rf1 Bc3 25. Rb1 Bh7 26. f5 Nb6 1/2-1/2

[Event "Xtracon Skakligaen"]
[Site "Denmark"]
[Date "2017.01.08"]
[Round "5.1"]
[White "Grandelius, Nils"]
[Black "Hector, Jonny"]
[Result "1/2-1/2"]
[WhiteElo "2642"]
[BlackElo "2513"]
[PlyCount "92"]
[EventDate "2016.10.29"]
[EventType "team-tourn"]
[EventRounds "9"]
[EventCountry "DEN"]
[WhiteTeam "Philidor 1"]
[BlackTeam "Nordkalotten 1"]
[WhiteTeamCountry "DEN"]
[BlackTeamCountry "DEN"]

1. c4 e5 2. Nc3 Bb4 3. Nd5 Na6 4. a3 Ba5 5. b4 c6 6. Ne3 Bc7 7. Bb2 d6 8. Nf3
Nh6 9. d4 Qe7 10. g3 f5 11. Qb3 f4 12. gxf4 exf4 13. Nc2 O-O 14. Rg1 Rf7 15. d5
cxd5 16. cxd5 Bb6 17. Ncd4 Nc7 18. Rc1 Bg4 19. h3 Bxf3 20. Nxf3 Nf5 21. Qd3 h6
22. Rc4 Nh4 23. Re4 Nxf3+ 24. Qxf3 Qd7 25. Qh5 Re8 26. Rxe8+ Qxe8 27. Qg6 Qe7
28. Bg2 Qh4 29. Rf1 f3 30. Bxf3 Bd4 31. Qc2 Bxb2 32. Qxb2 Qxh3 33. Rg1 Qf5 34.
Rg4 Nxd5 35. Rd4 Nf6 36. Rxd6 Rc7 37. Rd3 Qc8 38. Kf1 Qf5 39. Qd2 Kh7 40. Rd4
b6 41. Qd3 Qxd3 42. Rxd3 Kg6 43. Ba8 Rc8 44. Bb7 Rc7 45. Ba8 Rc8 46. Bb7 Rc7
1/2-1/2